000 00796nam a22002891i 4500
001 59694
003 CO-BoRNBP
005 20251029162210.0
007 ta
008 900725s1976 sp spa
017 _aM 22898-1976
_bOficina Depósito Legal Madrid
020 _a8434104423
040 _aSpMaBN
_bspa
_cA2
080 _a641.1(02)
245 0 0 _aApuntes de fruticultura
_h[Texto impreso]
250 _a5ª ed.
300 _a225 p.
_bil.
_c24 cm
336 _2rdacontent
_atexto
_btxt
337 _2rdamedia
_asin mediación
_bn
338 _2rdacarrier
_avolumen
_bnc
500 _aIndice
650 7 _aFruticultura
_2embne
_93627
942 _2ddc
_cBK
956 _a1 2
980 _aSpMaBN
_bBNMADRID
_j4/102561
_cSG_RECOLET
980 _aSpMaBN
_bBNALCALA
_jDL/60655
_cCONSERVACI
999 _c59694
_d59694